Radnica Čunovo

Salvato in:
Dettagli Bibliografici
Autore principale: Voříšek, Jakub (Autore)
Altri autori: Vojteková, Eva (Relatore della tesi)
Natura: Manoscritto Libro
Lingua:slovacco
Pubblicazione: Bratislava 2021
Soggetti:
Accesso online:http://is.stuba.sk/zp/portal_zp.pl?podrobnosti=139026
Tags: Aggiungi Tag
Nessun Tag, puoi essere il primo ad aggiungerne!!

MARC

LEADER 00000ntm a22000003a 4500
001 stuzp83938
003 SK-STU
005 20211109081446.3
007 ta
008 150427s2015----xo-----f-mn---000-0-slo-d
040 |a STU  |b slo 
041 0 |a slo 
100 1 |a Voříšek, Jakub  |u 054140  |4 aut  |U FAD Fakulta architektúry a dizajnu  |T FAD Ústav konštrukcií v architektúre a inžinierskych stavieb  |X 88083  |U A4140  |Y 395  |7 88083 
242 0 1 |a Town Hall, Čunovo  |y eng 
245 1 0 |a Radnica Čunovo 
260 |c 2021  |a Bratislava 
650 4 |a radnica  |2 slo 
650 4 |a Čunovo  |2 slo 
650 4 |a štruktúrovaná fasáda  |2 slo 
650 4 |a Town Hall  |2 eng 
650 4 |a Cunovo  |2 eng 
650 4 |a structural facade  |2 eng 
700 1 |a Vojteková, Eva  |u 054140  |k Z1  |4 ths  |U FAD Fakulta architektúry a dizajnu  |T FAD Ústav konštrukcií v architektúre a inžinierskych stavieb  |X 333  |U A4140  |Y 395  |7 A000000333 
856 4 |u http://is.stuba.sk/zp/portal_zp.pl?podrobnosti=139026  |u https://opac.crzp.sk/?fn=detailBiblioForm&sid=983A108C82E0ACEA975D7F6AE8A0